000 00766nam a2200289Ia 4500
005 20260324115347.0
008 008 260324s9999 xx 000 0 eng d
020 _a9781315167688
037 _aEBOOK
040 _aCRL
040 _beng
040 _cCRL
041 _2eng
041 _aeng
084 _qCRL
100 _aJeffrey Braithwaite; Russell Mannion; Yukihiro Matsuyama; Paul G. Shekelle; Stuart Whittaker; Samir Al-Adawi
_91154366
245 0 _aHealthcare Systems
245 0 _bFuture Predictions for Global Care
260 _bTaylor and Francis
260 _c2018
365 _a
365 _b355
856 _uhttp://www.taylorfrancis.com/books/9781315167688
942 _cEBOOK
999 _c1745198
_d1745198